Регионална библиотека "Любен Каравелов" - Русе

Разследване на пътно-транспортни произшествия (Запис номер 123661)

MARC детайли
000 -Лидер
Контролно поле с фиксирана дължина 01671nam a2200349 c 4500
003 - Код на организацията, давaща контролен номер
Контролно поле BLK
005 - Дата и час на последна редакция
Контролно поле 20230805094008.0
008 - Елементи от данни с фиксирана дължина
fixed length control field 180409b bul|||||r ||||||| ||bul||
010 ## - Наследен системен номер
LC control number KNG00129323000
040 ## - Източник на каталожния запис
Идентификатор на билиотеката - собственик на записа BLK
041 ## - Код за език
Код за езика на текст/звукозапис или на отделно заглавие Български
Код за езика КДБФ Български
080 ## - УДК
Текстов определител УДК Аварии и произшествия в транспорта. Оказване на помощ. Вж и 614.8
УДК код - определител по УДК 656.08
УДК определител (035)
УДК - код + определител 656.08(035)
100 1# - Редна дума - Автор
Автор Байет, Р.
Авторска отговорност първи автор
R(LIN) 318348
139 ## - Редно поле
Редна дума Байет, Р. и др.
Авторски знак Баи - Б 14
245 10 - Сведения за заглавието
Заглавие Разследване на пътно-транспортни произшествия
Подзаглавни данни Ръководство
Редно поле (дума) Р. Байет; съавт. Р. Уотс; прев. от англ. Константин Петков Косев.
257 ## - Страна на издаване
Страна на създаване/издаване Великобритания
260 ## - Област на издателските данни
-- София
Име на издателя, разпространителя и проч. Техника
Година на издаване 1988
Печатница Хасково : Ат. Стратиев
300 ## - Физическа характеристика
Страници 283 с.
Илюстрации и др. с табл., сх., ил.
Размери/Мащаб 20 см
380 ## - Жанр
Жанр Техника
500 ## - Общи забележки
Забележка Ориг. загл. Manual of road accident investigation / R. Byatt, R. Watts.
650 #4 - Допълнително описание по предмет – тема
Основно описание – тема или топоним Транспортни злополуки
9 (RLIN) 309236
650 #4 - Допълнително описание по предмет – тема
Основно описание – тема или топоним Автомобилен транспорт - злополуки
9 (RLIN) 293537
653 ## - Ключова дума – ненормативна
Ключова дума транспортни злополуки
700 1# - Други автори (авторска отговорност)
Лично име Уотс, Р.
Автороска отговорност (Описва отношението между автора и произведението) съавт.
9 (RLIN) 318349
700 1# - Други автори (авторска отговорност)
Лично име Косев, Константин Петков
Автороска отговорност (Описва отношението между автора и произведението) прев. от англ.
9 (RLIN) 369920
852 ## - Местоположение
Форматна сигнатура Цб 156119
856 4# - Електронен адрес и достъп
Електронен формат pdf - файл
Път до файла /url/
856 4# - Електронен адрес и достъп
Електронен формат pdf - файл
Път до файла /url/
942 ## - АРТИКУЛИ
Вид на библиотечния материал Книги
Скрит в OPAC Не
Koha issues (borrowed), all copies 1
944 ## - СЪЗДАВАНЕ И РЕДАКЦИЯ на ЗАПИСА
Създаване/Редакция Създаване
Дата на регистрацията/редакция 28.03.2012
Статус, дата на статуса Цветомила Тодорова
Служител, извършил регистрацията/редакцията 30576
944 ## - СЪЗДАВАНЕ И РЕДАКЦИЯ на ЗАПИСА
Създаване/Редакция Редакция
Дата на регистрацията/редакция 28.03.2012
Статус, дата на статуса 28.03.2012 - от С1,Р / 28.03.2012
Служител, извършил регистрацията/редакцията
999 ## - СИСТЕМНИ КОНТРОЛНИ НОМЕРА
Koha biblionumber 123661
Koha biblioitemnumber 123661
Наличности
Код за отписване Код за изгубен артикул Източник на класификационната схема Код за повреда Коз за рестрикции Код за отдаване Артикулен № Име на библиотеката - собственик Име на библиотеката, в която се намира в момента Статус (Текущо местоположение) Дата на вписване в системата Местоположение - отдел Цена в лева Инвентарен номер Систематично азбучна сигнатура Баркод Номер на екземпляра Цена в евро Служебна бележка Служебен тип на артикула
  Не е изгубен Universal Decimal Classification Не е повреден без рестрикции ползва се в читалня 200290 Регионална библиотека "Любен Каравелов" Русе Регионална библиотека "Любен Каравелов" Русе Хранилище 1988-01-01 Хранилище 2.05 511106 Цб 156119 120000511106 1 1.05 N: стар фонд Дата: 01.01.1988 Книги
Изтеглен Не е изгубен Universal Decimal Classification Не е повреден без рестрикции заемане за дома 200291 Регионална библиотека "Любен Каравелов" Русе Регионална библиотека "Любен Каравелов" Русе Заемна - подръчен фонд 1988-01-01 Заемна - подръчен фонд 2.05 512839 П 656/Б 14 120000512839 2 1.05 N: стар фонд Дата: 01.01.1988 Дата инв: 06.02.2018 Бележки инв: П2018 Книги
Vip Innovations Ltd, Rousse, Bulgaria 2025